000 00552nam a22001697a 4500
008 171211b xxu||||| |||| 00| 0 eng d
020 _a0070593396
082 _21999
_aDC 658.1511
_bH 56
100 _924740
_aHilton, Ronald W.,author.
245 _aManagerial accounting /
_cRonald W. Hilton.
250 _aFourth edition.
260 _aBoston :
_bMcGraw-Hill/ Irwin,
_c©1999.
300 _axxxii, 816 pages :
_bcolored illustrations ;
_c28 cm.
500 _aIncludes glossary and index.
650 0 _924741
_aManagerial accounting.
942 _2ddc
_cDC
999 _c8025
_d8025